000 00355 a2200157 4500
001 59538
020 _a9788723906397
040 _cAnchieta - Pituba
100 _aKästner, Erich
240 1 0 _aDas doppelte lottchen
_lpor
245 1 0 _aDas doppelte lottchen
300 _a72
362 0 _a2000
650 4 _aLiteratura juvenil em alemão
942 _cBK
999 _c59538
_d59538